00929 2200193 4500001002100000005001500021035002000036245027600056100001600332250002000348300005100368856002200419700017900441260004600620082001000666084001600676020002200692650002100714INLIS00000000114817020260402092708 a0010-04260000151 aTHE MIRACLE OF IKIGAI : Seni Menemukan Hidup Bahagia Tanpa Banyak Drama /cPenulis; Asti Musman, Penyunting; Astria Sekar Arum, Penyelaras Akhir; Astria Sekar Arum, Pemeriksa Aksara; Astria Sekar Arum, Penata Aksara; Try, Perupa Sampul; Freepik.com, Perancang Sampul; Try0 aAsti Musman aCetakan Pertama a218 halaman :bIlustrasi ;c13 x 19 cmeKertas aPerpustakaan Umum0 aPenyunting; Astria Sekar Arum, Penyelaras Akhir; Astria Sekar Arum, Pemeriksa Aksara; Astria Sekar Arum, Penata Aksara; Try, Perupa Sampul; Freepik.com, Perancang Sampul; Try aYogyakarta :bAnak Hebat Indonesia,c2023 a158.1 a158.1 AST t a978-623-400-537-0 4aSelf Improvement